000 00453 a2200157 4500
005 20250630114020.0
020 _a978-0-07-352845-8
082 _a174.4 RIC
245 _aBusiness Ethics 2007/2008.
250 _a19th Ed.
260 _aNew York,
_bMcGraw-Hill,
_c2008.
300 _axvi, 207p.: ill.; figure, graph.
_bIndex.
_c28cm.
700 _aRICHARDSON, J. E.
856 _yAccess Online Book
_fBusiness Ethics
_dhttp://www.cbsr,bc.ca
942 _2ddc
_cBKS
999 _c216
_d216